| LEADER : 00000nas 2200000uu 4500 |
| 001 13399114081 |
| 003 ULIB |
| 008 020711s|||| th a 000 0 tha d |
| 022 ^a1513685X |
| 110 ^aองค์การเภสัชกรรม |
| 245 ^aGPO องค์การเภสัชกรรม |
| 260 ^aกรุงเทพฯ :^bองค์การเภสัชกรรม,^cม.ป.ป. |
| 310 ^aรายสามเดือน |
| 850 ^a ULIB^bฉบับที่ 2 ปีที่ 25 ฉ.1 ;ฉบับที่ 3 ปีที่ 26 ฉ.1 ;ฉบับที่ 1 ปีที่ 26 ฉ.1 ;ฉบับที่ 2 ปีที่ 26 ฉ.1 ;ฉบับที่ 4 ปีที่ 38 ;ฉบับที่ 1 ปีที่ 18 ;ฉบับที่ 2 ปีที่ 19 ;ฉบับที่ 4 ปีที่ 19 ;ฉบับที่ 2 ปีที่ 20 ;ฉบับที่ 3 ปีที่ 20 ;ฉบับที่ 4 ปีที่ 20 ;ฉบับที่ 1 ปีที่ 21 ;ฉบับที่ 2 ปีที่ 21 c.1 ;ฉบับที่ 3 ปีที่ 21 ฉ.1 ;ฉบับที่ 4 ปีที่ 21 ฉ.1 ;ฉบับที่ 1 ปีที่ 22 ฉ.1 ;ฉบับที่ 1 ปีที่ 22 ฉ.1 ;ฉบับที่ 3 ปีที่ 22 ฉ.1 ;ฉบับที่ 3 ปีที่ 41 ฉ.1 ;ฉบับที่ 4 ปีที่ 22 ฉ.1 ;ฉบับที่ 1 ปีที่ 42 ฉ.1 ;ฉบับที่ 1 ปีที่ 23 ฉ.1 ;ฉบับที่ 3 ปีที่ 25 ฉ.1 ;ฉบับที่ 3 ปีที่ 23 ฉ.1 ;ฉบับที่ 3 ปีที่ 42 ฉ.1 ;ฉบับที่ 3 ปีที่ 23 ฉ.1 ;ฉบับที่ 4 ปีที่ 23 ฉ.1 ;ฉบับที่ 4 ปีที่ 25 ฉ.1 ;ฉบับที่ 2 ปีที่ 43 ฉ.1 ;ฉบับที่ 2 ปีที่ 24 ฉ.1 ;ฉบับที่ 3 ปีที่ 24 ฉ.1 ;ฉบับที่ 4 ปีที่ 24 ฉ.1 ;ฉบับที่ 1 ปีที่ 25 ฉ.1
|
| 945 ^p0^l0^i905016
|
| 945 ^p0^l0^i905313
|
| 945 ^p0^l0^i905172
|
| 945 ^p0^l0^i905232
|
| 945 ^p0^l0^i900159
|
| 945 ^p0^l0^i900184
|
| 945 ^p0^l0^i900497
|
| 945 ^p0^l0^i900884
|
| 945 ^p0^l0^i901287
|
| 945 ^p0^l0^i901489
|
| 945 ^p0^l0^i901998
|
| 945 ^p0^l0^i902139
|
| 945 ^p0^l0^i902334
|
| 945 ^p0^l0^i902474
|
| 945 ^p0^l0^i902680
|
| 945 ^p0^l0^i902828
|
| 945 ^p0^l0^i902994
|
| 945 ^p0^l0^i903188
|
| 945 ^p0^l0^i903189
|
| 945 ^p0^l0^i903515
|
| 945 ^p0^l0^i903576
|
| 945 ^p0^l0^i903664
|
| 945 ^p0^l0^i905068
|
| 945 ^p0^l0^i903972
|
| 945 ^p0^l0^i903977
|
| 945 ^p0^l0^i903981
|
| 945 ^p0^l0^i904161
|
| 945 ^p0^l0^i905111
|
| 945 ^p0^l0^i904481
|
| 945 ^p0^l0^i904498
|
| 945 ^p0^l0^i904718
|
| 945 ^p0^l0^i904805
|
| 945 ^p0^l0^i904897 |